Normal view MARC view
  • Gil Antón, Manuel,

Entry Nombre Personal

Number of records used in: 9

001 - NUMERO DE CONTROL

  • campo de control: 38351

003 - IDENTIFICADOR DE NUMERO DE CONTROL

  • campo de control: UPN

005 - FECHA Y HORA DE LA ÜLTIMA TRANSACCIÓN

  • campo de control: 20221017115207.0

008 - DATOS DE LONGITUD FIJA

  • campo de control de longitud fija: nabaccnnaabn|||||||||| b |nc|||||d

035 ## - NUMERO DE CONTROL

  • Número de control: UPN11000010458

040 ## - FUENTE DE CATALOGACIÓN

  • Lenguaje de catalogación: spa
  • Agencia de transcripción: MX-MxUPN
  • Agencia original de catalogación: MX-MxUPN

100 1# - ENCABEZAMIENTO - NOMBRE PERSONAL

  • Nombre personal: Gil Antón, Manuel,
  • Fechas asociadas con el nombre: 1955-

372 ## - CAMPO DE ACTIVIDAD

  • Field of activity: Filosofía
  • Start period: Sociología

373 ## - GRUPO ASOCIADO

  • Associated group: Sistema Nacional de Investigadores (México)

374 ## - OCUPACIÓN

  • Occupation: Filósofo
  • Occupation: Sociólogo
  • Occupation: Investigador

400 1# - VEÁSE - NOMBRE DE PERSONA

  • Personal name: Antón, Manuel Gil,
  • Dates associated with a name: 1955-

670 ## - FUENTE EN LA QUE SE LOCALIZARON DATOS

  • Cita de la fuente: T
  • Uniform Resource Identifier: https://elprofegil.wordpress.com/curriculum/

670 ## - FUENTE EN LA QUE SE LOCALIZARON DATOS

  • Cita de la fuente: En la obra: Filosofía de la experiencia y ciencia experimental, 2003:
  • Uniform Resource Identifier: portada (Manuel Gil Antón) cubierta posterior (Manuel Gil Antón es filósofo y sociólogo, doctor en ciencias con especialidad en metodología y teoría de la ciencia. Pertenece al Sistema Nacional de Investigadores (SNI) nivel II. Autor de libros sobre análisis sociológico de académicos y acerca de epistemología del conocimiento de lo social)

680 ## - NOTA PUBLICA DE ACCESO PÚBLICO

  • Frase explicativa de la referencia: Profesor e investogador mexicano con Doctorado en Ciencias y especialista en teoría de las ciencias y metodología

902 ## - CATALOGADOR

  • Catalogador: CAA/240416

902 ## - CATALOGADOR

  • Catalogador: NDAF/171022